Países con 'B' - Estadísticas

Estadísticas generales
  • Esta prueba ha sido intentada 25 veces
    11 desde el último reinicio
  • La puntuación promedio es 13 de 18
Estadísticas de respuestas
País % Correcto
Bélgica
89%
Bolivia
89%
Bután
89%
Bahamas
78%
Benín
78%
Bielorrusia
78%
Brunéi
78%
Bulgaria
78%
Barbados
67%
Baréin
67%
Belice
67%
Botsuana
67%
Brasil
67%
Burkina Faso
67%
Bangladés
56%
Birmania
56%
Bosnia y Herzegovina
56%
Burundi
56%
No se encontraron pruebas coincidentes
Distribución de puntuación
Porcentaje de gente con cada puntuación
Porcentaje por número respondido
Historial de tus puntuaciones
No has intentado esta prueba desde el último reinicio